| 000 | 00455nam a2200157Ia 4500 | ||
|---|---|---|---|
| 008 | 181130s2018 xx 000 0 und d | ||
| 100 | _aRani, Midatala | ||
| 245 |
_aZero waste management _ba key to sustainable development |
||
| 260 | _c2018 | ||
| 300 | _ap.106-110. | ||
| 504 | _dJan-Jun | ||
| 650 | _aSustainable development | ||
| 650 | _aWaste management | ||
| 773 | _aSouth Asian Journal of Socio-Political Studies | ||
| 906 | _aWaste management | ||
| 999 |
_c506202 _d506202 |
||